01399 a2200217 4500003000500000005001700005010001700022020002800039040000900067082001300076245010000089260003700189300002900226440004900255505067100304538002900975650003401004700002801038700002401066856009101090Nust20170207152515.0 a 2002041297 a0849313333 (alk. paper) cNust00a621.382704aThe handbook of optical communication networks /cedited by Mohammad Ilyas, Hussein T. Mouftah. aBoca Raton :bCRC Press,cc2003. a470 p. :bill. ;c25 cm. 0aElectrical engineering handbook series ;v30 aOverview of Optical Communication Network (Page-1) Evolution of Optical Network Architecture (Page-29) Design of Optical Communication network (Page-45) Evolution to and Optical Broadband Services Network(Page-93)Multiprotocol Label Switching (Page-93) Dynamic Synchronous Transfer Mode (Page-103) A Survey on Fair Bandwidth Allocation for Multicast (Page-111) Emerging Optical network Management (Page-121)Optical Network Resource Management and Allocation (Page-149) Real Time Provisional of optical (Page-175) Routing and Wavelength assignment with Multi…….(Page-195)Adaptive Routing (Page-221) Fiber optic Sensor (Page-407) Wavelength Converters (Page-433). aAlmirah No 26 Shelf No 6 0aTelecommunication engineering1 aIlyas, Mohammad,d1953-1 aMouftah, Hussein T.423Publisher descriptionuhttp://www.loc.gov/catdir/enhancements/fy0646/2002041297-d.html